| 000 | nam a22 7a 4500 | ||
|---|---|---|---|
| 999 |
_c26642 _d26642 |
||
| 008 | 170206b xxu||||| |||| 00| 0 eng d | ||
| 020 | _a030047606 | ||
| 050 | _aND 804 .B74 1991 | ||
| 100 | _aBrown, Jonathan. | ||
| 245 |
_aThe golden age of paintin in Spain/ _cJonathan Brown. |
||
| 260 |
_anewYork: _bYale University, _c1991. |
||
| 300 |
_aix, 330p. : _bill. ; _c30cm. |
||
| 500 | _aInclude index. | ||
| 650 |
_aArt _xSpain. |
||
| 942 |
_2lcc _cBOOKS |
||